Pendidikan Islam

Bibliographic Details
Main Author: Ahmad Mohni Aris
Other Authors: Amir MOhni Aris, Hamil
Format: Book
Published: Petaling Jaya : Sasbadi Sdn. Bhd. , 1996
Series:Target plus-plus SPM
Subjects:

MARC

LEADER 00000cam a2200000 7i4500
001 0000007555
002 000008116
005 20000330.0
020 |a 9830295060 
090 0 0 |a 297   |b AHM 
100 0 |a Ahmad Mohni Aris 
245 1 0 |a Pendidikan Islam   |c Ahmad Mohni Aris 
260 |a Petaling Jaya :   |b Sasbadi Sdn. Bhd. ,   |c 1996 
300 |a 312p. ;   |c 21cm. 
490 0 |a Target plus-plus SPM 
650 0 0 |a Islamic education   |x SPM 
700 0 |a Amir MOhni Aris 
700 0 |a Hamil   |f Ustaz 
999 |a 052021   |b BUKU   |c RUJUKAN   |e PERPUSTAKAAN KOMUNITI PETALING JAYA 
999 |a 052022   |b BUKU   |c RUJUKAN   |e PERPUSTAKAAN KOMUNITI PETALING JAYA 
999 |a 052023   |b BUKU   |c RUJUKAN   |e PERPUSTAKAAN KOMUNITI PETALING JAYA 
999 |a 054871   |b BUKU   |c PINJAMAN   |e PERPUSTAKAAN KOMUNITI CAW KOTA DAMANSARA 
999 |a 054872   |b BUKU   |c PINJAMAN   |e PERPUSTAKAAN KOMUNITI PETALING JAYA